00864 2200313 4500001002100000005001500021007000300036008004100039020001800080035002000098040001700118041000800135082001000143084001600153090002000169100002400189245005700213250001200270264005000282300003400332336002100366337003000387338002300417504002900440650002300469850001000492990002400502990002400526INLIS00000000000565520260426122659ta260426 0  a979-3654-56-2 a0010-0222000745 aSBPUPADbInd0 aInd a332.1 a332.1 BAH g a332.1 BAH g 9-20 aM.BahsanePengarang1 aGiro Dan Bilyet Giro Perbankan Indonesia /cM.Bahsan a.-Cet 1 a.--Jakarta :bPT Raja Grafindo Persada,c2005 axiv,146 hal. :bIlus ;c21 cm 2rdacontentaTeks 2rdamediaaTanpa Perantara 2rdacarrieraVolume abibliografi, hlm 139-140 4aBank dan Perbankan aPUPAD a0704A/BR/ARPUS/2006 a0704B/BR/ARPUS/2006